Term warefare (Record no. 80877)
[ view plain ]
| 000 -LEADER | |
|---|---|
| fixed length control field | 01554cab a22002175a 4500 |
| 001 - CONTROL NUMBER | |
| control field | L145563 |
| 008 - FIXED-LENGTH DATA ELEMENTS--GENERAL INFORMATION | |
| fixed length control field | 081021e20080926xxk f v 000 0 eng d |
| 035 ## - SYSTEM CONTROL NUMBER | |
| System control number | (Sirsi) u145563 |
| 041 0# - LANGUAGE CODE | |
| Language code of text/sound track or separate title | eng |
| 100 1# - MAIN ENTRY--PERSONAL NAME | |
| Personal name | Ross, Jonathan |
| 245 00 - TITLE STATEMENT | |
| Title | Term warefare |
| 260 ## - PUBLICATION, DISTRIBUTION, ETC. | |
| Date of publication, distribution, etc. | 2008 |
| 490 #0 - SERIES STATEMENT | |
| Series statement | Property Week |
| Volume/sequential designation | 73(39) 26 August 2008, 54(1) |
| 520 ## - SUMMARY, ETC. | |
| Summary, etc. | Summarises the case of William Page v BNP Paribas, 4 September 2008. Words may not mean what they say if such an interpretation would go against business common sense. A claimant tenant sought to exercise its option to extend a lease on prime retail premises in London's West End by 10 years. The landlord argued that the tenant had lost this right by breaching the terms of the lease due to an invalid notice. The tenant paid by a company related to the tenant on its behalf, which the landlord argued meant that a third party had been allowed into occupation. Judgement was for the claimant: the lease terms had not been breached because the landlord was fully aware of the arrangement when the letting was agreed and the other party was simply acting as an agent for the claimant. Agreements have to be interpreted strictly, but not to the exclusion of common sense or commercial purpose. |
| 590 ## - LOCAL NOTE (RLIN) | |
| Local note | KA |
| 650 24 - SUBJECT ADDED ENTRY--TOPICAL TERM | |
| Topical term or geographic name entry element | COMPENSATION SCHEME LTD V WEST BROMWICH BUILDING SOCIETY (NO1) |
| 650 24 - SUBJECT ADDED ENTRY--TOPICAL TERM | |
| Topical term or geographic name entry element | WILLIAM PAGE V BNP PARIBAS |
| 651 #4 - SUBJECT ADDED ENTRY--GEOGRAPHIC NAME | |
| Geographic name | England and Wales |
| Chronological subdivision | 1543- |
| 690 ## - LOCAL SUBJECT ADDED ENTRY--TOPICAL TERM (OCLC, RLIN) | |
| Topical term or geographic name as entry element | PROPERTY-COMMERCIAL PROPERTY-LEASEHOLD COMMERCIAL PROPERTY-COMMERCIAL LANDLORD AND TENANT-COMMERCIAL LEASES |
| 942 ## - ADDED ENTRY ELEMENTS (KOHA) | |
| Suppress in OPAC | 0 |
| Withdrawn status | Lost status | Source of classification or shelving scheme | Damaged status | Not for loan | Home library | Current library | Shelving location | Date acquired | Total Checkouts | Full call number | Barcode | Date last seen | Copy number | Price effective from | Koha item type |
|---|---|---|---|---|---|---|---|---|---|---|---|---|---|---|---|
| Dewey Decimal Classification | London | London | Journal article | 21/10/2008 | L145563 | 145563-1001 | 06/08/2019 | 1 | 06/08/2019 | Journal article |